Statistics for The Life Of Pablo Tracklist (Kanye West)

Click here to take the quiz!

General Stats

  • This quiz has been taken 152 times
  • The average score is 14 of 20

Answer Stats

HintAnswer% Correct
20Saint Pablo
89%
4Famous
88%
2Father Stretch My Hands Pt.1
88%
3Pt.2
88%
1Ultralight Beam
86%
13Wolves
82%
17No More Parties In LA
80%
10Waves
74%
7Highlights
70%
6Low Lights
67%
15Siiiiiiiiilver Surffffeeeeer Intermission
67%
11FML
64%
1630 Hours
61%
19Fade
57%
9I love Kanye
57%
5Feedback
56%
12Real Friends
52%
18Facts (Charlie Heat Version)
51%
14Frank's Track
51%
8Freestyle 4
49%

Score Distribution

Percentile by Number Answered

Percent of People with Each Score

Your Score History

You have not taken this quiz